Альтернативная методика взимания транспортного налога, в разрезе вопросов государственно-частного партнерства, на примере Томской области; Трансформация научных парадигм и коммуникативные практики в информационном социуме

Bibliografiset tiedot
Parent link:Трансформация научных парадигм и коммуникативные практики в информационном социуме.— 2013.— [С. 325-327]
Päätekijä: Бушуева М. А.
Yhteenveto:Заглавие с экрана
Kieli:venäjä
Julkaistu: 2013
Sarja:Экономическая роль человека и экономического благополучия в условиях трансформационных процессов
Aiheet:
Linkit:http://www.lib.tpu.ru/fulltext/c/2013/C26/158.pdf
Aineistotyyppi: MixedMaterials Elektroninen Kirjan osa
KOHA link:https://koha.lib.tpu.ru/cgi-bin/koha/opac-detail.pl?biblionumber=604494

MARC

LEADER 00000naa2a2200000 4500
001 604494
005 20260212132204.0
035 |a (RuTPU)RU\TPU\conf\1766 
035 |a RU\TPU\conf\1763 
090 |a 604494 
100 |a 20140305d2013 k y0rusy50 ca 
101 0 |a rus 
102 |a RU 
135 |a drcn ---uucaa 
181 0 |a i  
182 0 |a b 
200 1 |a Альтернативная методика взимания транспортного налога, в разрезе вопросов государственно-частного партнерства, на примере Томской области  |f М. А. Бушуева 
203 |a Текст  |c электронный 
215 |a 1 файл(436 Кб) 
225 1 |a Экономическая роль человека и экономического благополучия в условиях трансформационных процессов 
300 |a Заглавие с экрана 
320 |a [Библиогр.: с. 327 (3 назв.)] 
337 |a Adobe Reader 
463 1 |0 (RuTPU)RU\TPU\conf\1007  |t Трансформация научных парадигм и коммуникативные практики в информационном социуме  |o сборник научных трудов VI Всероссийской научно-практической конференции студентов и молодых ученых, г. Томск, 5-6 декабря 2013 г.  |f Национальный исследовательский Томский политехнический университет (ТПУ), Институт социально-гуманитарных технологий (ИСГТ) ; под ред. В. И. Турнаева и др.  |v [С. 325-327]  |d 2013 
610 1 |a электронный ресурс 
610 1 |a труды учёных ТПУ 
610 1 |a альтернативная методология 
610 1 |a транспортный налог 
610 1 |a государственно-частное партнерство 
610 1 |a Томская область 
700 1 |a Бушуева  |b М. А. 
801 1 |a RU  |b 63413507  |c 20101016 
801 2 |a RU  |b 63413507  |c 20230328  |g RCR 
856 4 |u http://www.lib.tpu.ru/fulltext/c/2013/C26/158.pdf 
942 |c CF